00442nam a22001577a 450000500170000001000150001702000260003203500140005803700130007208200110008510000180009624500510011426000480016527000400021330000310025320180904120128.0 aENG-123910 c695.00a9788173414381 aEN-107442 bDBAD/PUB a954.13 aAgrawal, C.M. aEnchanting central himalaya /cby C.M. Agrawal c2009aDelhibIndian Publishers Distributors a156-D, Kamla Nagar, bDelhie110007 c21cm.(Hb.)aix,294p.bill.